| 000 | 01223cam a22003014a 4500 | ||
|---|---|---|---|
| 001 | 13064818 | ||
| 003 | ARRUPE | ||
| 005 | 20131002112356.0 | ||
| 008 | 030121s2003 miua b 100 0 eng | ||
| 010 | _a 2003043428 | ||
| 020 | _a080283986X (pbk. : alk. paper) | ||
| 040 |
_aDLC _cDLC _dDLC |
||
| 042 | _apcc | ||
| 043 |
_ae------ _aaw----- _aff----- |
||
| 050 | 0 | 0 |
_aBR195.F35 _bE27 2003 |
| 245 | 0 | 0 |
_aEarly Christian families in context : _ban interdisciplinary dialogue / _cedited by David L. Balch and Carolyn Osiek. |
| 260 |
_aGrand Rapids, Mich. : _bW.B. Eerdmans Pub. Co., _cc2003. |
||
| 300 |
_axix, 412 p. : _bill. ; _c24 cm. |
||
| 504 | _aIncludes bibliographical references (p. 359-388) and index. | ||
| 650 | 0 |
_aFamilies _xReligious aspects _xChristianity _xHistory _vCongresses. _92016 |
|
| 650 | 0 |
_aFamilies _zRome _vCongresses. _92017 |
|
| 651 | 0 |
_aRome _xSocial life and customs _vCongresses. _92018 |
|
| 700 | 1 |
_aBalch, David L. _92019 |
|
| 700 | 1 |
_aOsiek, Carolyn. _92020 |
|
| 906 |
_a7 _bcbc _corignew _d1 _eocip _f20 _gy-gencatlg |
||
| 942 |
_2lcc _cMONOGRAPH |
||
| 999 |
_c118227 _d118227 |
||